La educación moral en la escuela: teoría y práctica
Gardado en:
| Main Authors: | , |
|---|---|
| Formato: | Libro |
| Idioma: | Lingua castelá |
| Publicado: |
Barcelona
Edebé
1998
|
| Series: | Colección Innova, 5
|
| Subjects: | |
| Tags: |
Engadir etiqueta
Sen Etiquetas, Sexa o primeiro en etiquetar este rexistro!
|
MARC
| LEADER | 00000nam a2200000 a 4500 | ||
|---|---|---|---|
| 001 | UCM6791 | ||
| 003 | CL-VaPUC | ||
| 008 | 021122e19980000SP |||||||||||||||||spa|d | ||
| 020 | |a 8423650502 | ||
| 082 | 0 | 4 | |a 370.114 |b PUI |2 21 |
| 100 | 0 | |a Puig Rovira, Josep María |e author |9 472658 | |
| 700 | 0 | |a Martín García, X |e author |9 472659 | |
| 245 | 1 | 3 | |a La educación moral en la escuela: teoría y práctica |
| 300 | |a 195 p | ||
| 942 | |c BK | ||
| 945 | |d 20021122 00:00:00 |a cmena | ||
| 260 | |a Barcelona |b Edebé |c 1998 | ||
| 650 | 0 | |a Educación moral |9 308319 | |
| 650 | 0 | |a Valores morales |9 310604 | |
| 650 | 0 | |a Planificación de la educación |9 307333 | |
| 583 | |a last modification |c 20021122 00:00:00 |k Rodrigo Vera | ||
| 490 | 0 | |a Colección Innova, 5 | |
| 999 | |c 302014 |d 302012 | ||
| 952 | |0 0 |1 0 |4 0 |6 370_114000000000000_PUI_1998 |7 0 |8 A |9 361987 |a BIBEDU |b BIBEDU |d 2019-11-21 |i 386037K |l 2 |m 1 |o 370.114 PUI 1998 |p 386037K |r 2021-12-22 |s 2021-12-03 |w 2019-11-21 |y BK |k EPE | ||
| 952 | |0 0 |1 0 |4 0 |6 370_114000000000000_PUI_1998 |7 0 |8 A |9 361988 |a BIBTEO |b BIBTEO |d 2019-11-21 |i 3956679 |o 370.114 PUI 1998 |p 3956679 |r 2025-01-17 |w 2019-11-21 |y BK |k ICR | ||
| 952 | |0 0 |1 0 |4 0 |6 370_114000000000000_PUI_1998 |7 0 |8 A |9 361989 |a BIBEDU |b BIBEDU |d 2019-11-21 |i 4502264 |l 8 |m 2 |o 370.114 PUI 1998 |p 4502264 |r 2022-12-09 |s 2022-11-24 |w 2019-11-21 |y BK |k EPE | ||